000 00752nam a2200193Ii 4500
003 JO-AjNU
008 230605s9999||||xx |||||||||||||| ||und||
040 _aJO-AjNU
_bara
_erda
_cJO-AjNU
041 _aara
050 1 4 _aG62 1962
100 3 _aتاليف هيلير، ف.م؛ ترجمة بكري، عطا؛ مراجعة الشوبكي، علي ،مراجعة الهيتي، شاكر ؛ تصدير الفيل، محمد رشيد,
_eauthor
_938647
245 0 0 _aجغرافية العالم للأحداث
264 3 1 _aالموصل: مكتبة الوفاء، 1962
300 _a439ص
336 _atext
_btxt
_2rdacontent
337 _aunmediated
_bn
_2rdamedia
338 _avolume
_bnc
_2rdacarrier
650 4 _aجغرافية العالم
_938648
999 _aA16254
_c19822
_d19822